004050000a22001330004500090001700000245005200017041001400069700003200083700002800115100002700143942001300170773007100183999001700254 aAsbSeriadas10aGramineas (Poaceae) del parque nacional Tairona0 aEspañol1 aMartínez , José91000011 aTorrijos, Pedro91000021 aCarbono, Eduino996724 cARTICULO1 tRevista de la Asociación Colombiana de Herbariosh4q19-28d1995 c15785d15785